000 00660nam a2200241Ia 4500
003 OSt
005 20220918202942.0
006 a|||||r|||| 00| 0
007 ta
008 220917b |||||||| |||| 00| 0 eng d
024 _a105,015
037 _cTextual
040 _aARTS
_cARTS
_beng
041 _2eng
_aeng
082 _aV282.10J:N5, J9 (-)
110 _aRajasthan public relations. Directiorate of
_9106043
245 0 _aLand reforms in Rajasthan
260 _c1959
650 _aHISTORY
700 _aRajasthan public relations. Directiorate of
_9106044
942 _hV282.10J:N5, J9 (-)
_cTEXL
_2CC
999 _c228376
_d228376